| 000 | 00583nam a2200181Ia 4500 | ||
|---|---|---|---|
| 008 | 131103s9999 xx 000 0 und d | ||
| 020 | _a226322998 | ||
| 040 | _aLoreto College | ||
| 041 | _aEnglish | ||
| 082 |
_a954/HEE _bLCLIB/42729 |
||
| 100 | _aHeesterman, J.C. | ||
| 245 | 4 |
_aThe Inner conflict of tradition _b Essays in Indian Ritual, Kingship and Society _cJ.C. Heesterman |
|
| 260 |
_aChicago and London _bThe University of Chicago Press _c1985 |
||
| 300 | _ax,255p, 23 cm. | ||
| 504 | _abibliographical references and index | ||
| 650 | _aIndia - History | ||
| 942 | _cBK | ||
| 999 |
_c2464 _d52943 |
||